Financial and Managerial Accounting: Information for Decisions (Record no. 1663)
[ view plain ]
| 005 - DATE AND TIME OF LATEST TRANSACTION | |
|---|---|
| control field | 20250425130045.0 |
| 020 ## - INTERNATIONAL STANDARD BOOK NUMBER | |
| International Standard Book Number | 0-07-304973-5 |
| 082 ## - DEWEY DECIMAL CLASSIFICATION NUMBER | |
| Classification number | 657.48 WIL |
| 100 ## - MAIN ENTRY--PERSONAL NAME | |
| Author name | WILD, J. J. |
| 245 ## - TITLE STATEMENT | |
| Title | Financial and Managerial Accounting: Information for Decisions |
| 260 ## - PUBLICATION, DISTRIBUTION, ETC. | |
| Place of publication, distribution, etc. | New York, |
| Name of publisher, distributor, etc. | McGraw-Hill, |
| Date of publication, distribution, etc. | 2005. |
| 300 ## - PHYSICAL DESCRIPTION | |
| Extent | xxx, 489p.: ill.; picture, table. |
| Other physical details | Glossary, index. |
| Dimensions | 28cm. |
| 700 ## - ADDED ENTRY--PERSONAL NAME | |
| Other authors/Editors | LARSON, K. D. & CHIAPPETTA, B. |
| 856 ## - ELECTRONIC LOCATION AND ACCESS | |
| Link text | Access online book |
| Electronic name | Managerial Accounting |
| Path | www.mhhe.com |
| 942 ## - ADDED ENTRY ELEMENTS (KOHA) | |
| Source of classification or shelving scheme | Dewey Decimal Classification |
| Koha item type | Books |
| Date last seen | Total checkouts | Full call number | Barcode | Cost, replacement price | Price effective from | Koha item type | Lost status | Source of classification or shelving scheme | Damaged status | Not for loan | Withdrawn status | Home library | Current library | Shelving location | Date acquired | Cost, normal purchase price | Source of acquisition |
|---|---|---|---|---|---|---|---|---|---|---|---|---|---|---|---|---|---|
| 06/27/2025 | 657. 48 WIL | DOM000310 | 75000.00 | 04/25/2025 | Books | Dewey Decimal Classification | CBE Dodoma | CBE Dodoma | General Collection | 04/25/2025 | 25000.00 | Library budget | |||||
| 04/25/2025 | 657. 48 WIL | 0000006214 | 75000.00 | 04/25/2025 | Books | Dewey Decimal Classification | College of Business Education Main Library | College of Business Education Main Library | General Collection | 04/25/2025 | 25000.00 |
